Programming real-time computer systems /
Guardado en:
| Autor Principal: | |
|---|---|
| Formato: | Libro |
| Idioma: | English |
| Publicado: |
Englewood Cliffs, N.J. :
Prentice-Hall,
c1965.
|
| Series: | Prentice-Hall series in automatic computation
|
| Etiquetas: |
Agregar Etiqueta
Sin Etiquetas, Sea el primero en etiquetar este registro!
|
| LEADER | 00583cam a22001695 4500 | ||
|---|---|---|---|
| 001 | MAT.inmabb001827 | ||
| 008 | 720420s1965####njua##########001#0#eng#d | ||
| 005 | 20170518174529.0 | ||
| 245 | 1 | 0 | |a Programming real-time computer systems / |c James Martin. |
| 260 | |a Englewood Cliffs, N.J. : |b Prentice-Hall, |c c1965. | ||
| 300 | |a xii, 386 p. : |b il. ; |c 24 cm. | ||
| 440 | 0 | |a Prentice-Hall series in automatic computation | |
| 100 | 1 | |a Martin, James, |d 1933- | |
| 084 | |a 68 |2 msc2000 | ||
| 010 | |a 65024603 | ||
| 859 | |h 68 |i M382 |p A-3295 |b BIB. MATEMATICA | ||
| 859 | |h 68 |i M382 |p A-5769 |t Ej. 2 |b BIB. MATEMATICA | ||
